|
|
|
|
| LEADER |
00000nam a2200000 i 4500 |
| 003 |
Ucuenca |
| 005 |
20240313220006.0 |
| 006 |
a||||br|||| 001 0 |
| 007 |
ta |
| 008 |
221024n xxkaaaabr|||| 001 0 spa d |
| 020 |
|
|
|a 978-9962-04-269-3
|
| 040 |
|
|
|a UCuenca-cdrjbv
|b spa
|c Ucuenca
|e rda
|
| 041 |
0 |
|
|a spa
|
| 082 |
0 |
|
|2 22
|a 808.068
|c 35212282
|
| 100 |
1 |
|
|9 272031
|a Green, Jen.
|e autor
|
| 245 |
1 |
0 |
|a Atlas de los dinosaurios:
|b desliza y descubre /
|c Jen Green, ilustración de Nicholas Forder, Mark Turner Beehive y Stewart Jackson Carter.
|
| 250 |
|
|
|a Primera edición.
|
| 264 |
|
1 |
|a Glasgow:
|b Lexus Editores,
|c [Fecha de publicación no identificada].
|
| 300 |
|
|
|a 21 páginas:
|b ilu
|c 24 cm
|
| 336 |
|
|
|2 rdacontent
|a texto
|b txt
|
| 337 |
|
|
|2 rdamedia
|a no mediado
|b n
|
| 338 |
|
|
|2 rdacarrier
|a volumen
|b nc
|
| 505 |
1 |
|
|a ¿Qué fueron los dinosaurios? -- Era de los dinosaurios -- América del Norte -- América del Sur -- Europa -- Asia -- África -- Australasia y Antártida -- El fin de los dinosaurios.
|
| 650 |
1 |
7 |
|2 UCuenca-cdrjbv
|9 585
|a Literatura infantil
|
| 650 |
1 |
0 |
|a Material de referencia
|9 4778
|
| 651 |
|
|
|2 UCuenca-cdrjbv
|
| 700 |
1 |
|
|9 272033
|a Forder, Nicholas.
|e ilustrador
|
| 700 |
1 |
|
|a Turner Behive, Mark.
|e ilustrador
|9 272036
|
| 700 |
1 |
|
|9 272035
|a Jackson Carter, Stewart.
|e ilustrador
|
| 942 |
|
|
|2 ddc
|c BK
|z erika.penafielv@ucuenca.edu.ec
|0 1
|
| 999 |
|
|
|c 160693
|d 160693
|